000 00518nam a22001697a 4500
005 20251108172246.0
008 250721s1986 xx 000 0 ara d
082 1 4 _a810.4/حلم
100 1 _aبدير، حلمي
245 1 0 _aمقالتان في الأدب العربي /
264 1 _aالقاهرة :
_bالدار الفنية للنشر و التوزيع،
_c1986.
300 _a140ص
650 1 7 _aالأدب العربي
650 1 7 _aالمقالات الأدبية
942 _2ddc
_cBK
999 _c74451
_d74451